=LDR 00000nam 2200000 4500 =001 INLIS000000000050222 =005 20170425021105 =035 ##$$a 0010-0417000037 =007 ta =008 170425###########################0###### =020 ##$$a 978 - 602 - 1348 - 55 - 0 =082 ##$$a 582.12 =084 ##$$a 582.12 FAI a =100 #$$a Faisha, Andari =245 1#$$a Apotek Hidup : $b Plus, Ramuan " sehat " Pria dan Wanita /$c Andari Faisha =250 ##$$a Cet.1 =260 ##$$a Yogyakarta :$b Genius Publisher,$c 2015 =300 ##$$a vi, 160 hlm. : $b Ilus ; $c 23 cm. =650 ##$$a Tanaman Herbal =990 ##$$a 73257325 =990 ##$$a 73257325 =990 ##$$a 31700731 =990 ##$$a 02201707325 =990 ##$$a 31700732 =990 ##$$a 31700731